Dopad epigenetickej regulácie na rozvoj rezistencie vláknitých húb a kvasiniek
Guardado en:
| Autor principal: | |
|---|---|
| Otros Autores: | |
| Formato: | Manuscrito Libro |
| Lenguaje: | eslovaco |
| Publicado: |
2024
|
| Materias: | |
| Acceso en línea: | http://is.stuba.sk/zp/portal_zp.pl?podrobnosti=168800 |
| Etiquetas: |
Sin Etiquetas, Sea el primero en etiquetar este registro!
|
MARC
| LEADER | 00000ntm a22000003a 4500 | ||
|---|---|---|---|
| 001 | stuzp98454 | ||
| 003 | SK-STU | ||
| 005 | 20240622210532.0 | ||
| 007 | ta | ||
| 008 | 150427s2015----xo-----f-mn---000-0-slo-d | ||
| 040 | |a STU |b slo | ||
| 041 | 0 | |a slo | |
| 100 | 1 | |a Špaňová, Petra |u 043000 |4 aut |U FCHPT Fakulta chemickej a potravinárskej technológie |T FCHPT Ústav biochémie a mikrobiológie |X 116060 |U C3000 |Y 101 |7 116060 | |
| 242 | 0 | 1 | |a The impact of epigenetic regulation on resistance development in filamentous fungi and yeast |y eng |
| 245 | 1 | 0 | |a Dopad epigenetickej regulácie na rozvoj rezistencie vláknitých húb a kvasiniek |
| 260 | |c 2024 | ||
| 650 | 4 | |a antifungálne zlúčeniny |2 slo | |
| 650 | 4 | |a mechanizmy rezistencie |2 slo | |
| 650 | 4 | |a epigenetika |2 slo | |
| 650 | 4 | |a expresia génov |2 slo | |
| 650 | 4 | |a antifungal agents |2 eng | |
| 650 | 4 | |a resistance mechanisms |2 eng | |
| 650 | 4 | |a epigenetics |2 eng | |
| 650 | 4 | |a gene expression |2 eng | |
| 700 | 1 | |a Olejníková, Petra |u 043000 |k Z1 |4 ths |U FCHPT Fakulta chemickej a potravinárskej technológie |T FCHPT Ústav biochémie a mikrobiológie |X 3976 |U C3000 |Y 101 |7 A000003976 | |
| 856 | 4 | |u http://is.stuba.sk/zp/portal_zp.pl?podrobnosti=168800 | |